Best Player in Each Sport - Statistics

General Stats
  • This quiz has been taken 11 times
  • The average score is 3 of 9
Answer Stats
Hint Answer % Correct
Mens Soccer Kylian Mbappe
60%
Mens Basketball Shai Gilgeous Alexander
60%
F1 Max Verstappen
50%
Golf Scottie Scheffler
40%
Football Josh Allen
30%
Baseball Shohei Ohtani
30%
Womens Basketball Caitlyn Clark
0%
Hockey Conner Berdard
0%
Womens Soccer Trinity Rodman
0%
No matching quizzes found
Score Distribution
Percent of People with Each Score
Percentile by Number Answered
Your Score History
You have not taken this quiz